| 000 | 00810nam a22002657a 4500 | ||
|---|---|---|---|
| 005 | 20170124110123.0 | ||
| 010 | _a988527 | ||
| 020 | _c00.00 | ||
| 035 | _a988527 | ||
| 037 | _bCen Lib/Ret | ||
| 040 |
_aDPL _bEN |
||
| 082 |
_aN _bSTE |
||
| 100 |
_aStevenson, Robert Louis _930437 |
||
| 245 |
_aTreasure Island / _cby Robert Louis Stevenson; edited by M. W. Thomas [and] G. Thomas; illustrated by Rosemary Grimble |
||
| 260 |
_aLondon _bGinn _c1959 |
||
| 270 |
_bLondon _a18 Bedford Row |
||
| 300 |
_avii,168p. : _c18cm(Hb) _bill. |
||
| 490 | _aShorter classics series | ||
| 650 |
_aTreasure troves -- Fiction _9111738 |
||
| 650 |
_aPirates -- Fiction _9111739 |
||
| 700 |
_aThomas, M. W. _930976 |
||
| 700 |
_aThomas, G. _930977 |
||
| 700 |
_aGrimble, Rosemary _930978 |
||
| 942 |
_2ddc _cEN _hN _mSTE |
||
| 999 |
_c131144 _d131144 |
||